| 000 | 00627nam a2200217Ia 4500 | ||
|---|---|---|---|
| 005 | 20180713142635.0 | ||
| 008 | 131103s9999 xx 000 0 und d | ||
| 020 |
_a8170462576 _cRs.250.00 |
||
| 040 | _aLoreto College | ||
| 041 | _aEnglish | ||
| 082 |
_a891.443 _bDEV |
||
| 100 | _aDevi, Mahasweta | ||
| 245 |
_aRomtha _cMahasweta Devi;translated by Pinaki Bhattacharya |
||
| 260 |
_aCalcutta and New Delhi _bSeagull Books _c2004 |
||
| 300 | _axxi,72p | ||
| 650 | _aFiction translated from Bengali | ||
| 650 | _aLiterature in Indian languages | ||
| 700 |
_aBhattacharya, Pinaki _4tr. |
||
| 850 | _aLCLIB | ||
| 942 | _cBK | ||
| 999 |
_c41680 _d92159 |
||